|
|
|
|
| LEADER |
00795nab#a2200301#ar4500 |
| 001 |
000043421 |
| 003 |
SVKKK |
| 005 |
20030811105408.0 |
| 008 |
030811c1998 e sloo |
| FMT |
|
|
|
| 038 |
|
|
|a SVKKK
|
| 040 |
|
|
|a SVKKK
|b slo
|e AACR2
|
| 041 |
0 |
|
|a slo
|
| 080 |
|
|
|a 885.4-
|2 1981
|
| 080 |
|
|
|a 92
|2 1981
|
| 100 |
1 |
|
|a Bizíková, Margita
|4 aut
|
| 245 |
1 |
0 |
|a Albert Marenčin: Koláže 1946-1997
|c Bizíková Margita, Mojžiš Juraj
|
| 260 |
|
|
|c 1998
|
| 650 |
0 |
4 |
|a literatúra slovenská
|z Albert, Marenči
|x Koláže (kniha)>
|z Vranov
|z úryvky
|
| 650 |
0 |
4 |
|a rozhovory
|
| 700 |
1 |
|
|a Mojžiš, Juraj
|4 aut
|
| 773 |
0 |
|
|t Knižná revue
|g Roč. 8, č. 4(1998), dát. 0218, s. 4
|
| 957 |
|
|
|a Vranov
|
| 974 |
|
|
|a Cr
|
| 992 |
|
|
|a RBX
|
| BAS |
|
|
|
| 852 |
|
|
|a SVKKK
|b BIB
|
| 998 |
|
|
|a REG
|